Cesty k otvorenej štátnej správe
Funkčná a efektívna verejná správa sa postupne stáva čoraz dôležitejším faktorom, od ktorého závisí prosperita krajín a nadnárodných zoskupení. Inšpiráciu pre zmeny vo verejnom sektore poskytuje do veľkej miery podnikateľský sektor a princípy, ktorými sa riadi. Základom je chápanie administratívy ak...
Gespeichert in:
| 1. Verfasser: | |
|---|---|
| Format: | Buchkapitel |
| Sprache: | Slowakisch |
| Schlagworte: | |
| Tags: |
Keine Tags, Fügen Sie das erste Tag hinzu!
|
MARC
| LEADER | 00000naa a2200000 4500 | ||
|---|---|---|---|
| 001 | r045022 | ||
| 005 | 20230927091401.5 | ||
| 041 | 0 | |a slo | |
| 044 | |a SK | ||
| 245 | 1 | 0 | |a Cesty k otvorenej štátnej správe |c Tomáš Hollý |
| 520 | |a Funkčná a efektívna verejná správa sa postupne stáva čoraz dôležitejším faktorom, od ktorého závisí prosperita krajín a nadnárodných zoskupení. Inšpiráciu pre zmeny vo verejnom sektore poskytuje do veľkej miery podnikateľský sektor a princípy, ktorými sa riadi. Základom je chápanie administratívy ako služby občanom, orientácia na výsledok, sledovanie spokojnosti zákazníka - občana. Pohľad na model vzťahu verejná správa a občan na Slovensku. | ||
| 610 | 2 | 0 | |a správa verejná |
| 610 | 2 | 0 | |a občania |
| 610 | 2 | 0 | |a efektívnosť |
| 610 | 2 | 0 | |a administratíva |
| 610 | 2 | 0 | |a informácie |
| 610 | 2 | 0 | |a hodnotenie práce |
| 610 | 2 | 0 | |a úrady |
| 610 | 2 | 0 | |a modely |
| 610 | 2 | 0 | |a Slovensko |
| 100 | 1 | |a Hollý, Tomáš | |